[Event "4MCR_3DW_1L_2S"]
[Site "CR"]
[Date "2011.??.??"]
[Round "?"]
[White "Cernovsky, Karel"]
[Black "Mudra, Oldrich"]
[Result "1-0"]
[WhiteElo "2253"]
[BlackElo "2154"]
[Annotator "075"]
[PlyCount "139"]
[EventDate "2011.??.??"]
[EventType "corr"]

1. e4 e5 2. Nf3 Nc6 3. Bb5 a6 4. Ba4 Nf6 5. O-O Be7 6. Re1 b5 7. Bb3 O-O 8. c3
d6 9. h3 Na5 10. Bc2 c5 11. d4 Qc7 12. Nbd2 cxd4 13. cxd4 Nc6 14. Nb3 a5 15.
Be3 a4 16. Nbd2 Nb4 17. Bb1 Bd7 18. a3 Nc6 19. Qe2 Qb7 20. Bd3 Rfe8 21. Rac1
Rab8 22. dxe5 dxe5 23. Rc2 Nh5 24. b4 axb3 25. Nxb3 Bxa3 26. Ra1 Bd6 27. Nc5
Bxc5 28. Rxc5 Nf4 29. Bxf4 exf4 30. Rxb5 Qc7 31. Rc5 Qd6 32. Rd5 Qe7 33. Bb5
Rb6 34. Rad1 Be6 35. Rd6 Qb7 36. Ba4 h6 37. Ne5 Nxe5 38. Rxb6 Qxb6 39. Bxe8 Kh7
40. Qc2 Qb4 41. Bc6 Qe7 42. Bd5 f3 43. Bxe6 Qxe6 44. Qc3 Qg6 45. g4 Qe6 46. Qe3
Qc4 47. Qf4 Qe2 48. Rb1 Qd3 49. Rf1 Qd4 50. h4 Qd6 51. Re1 Qb4 52. Rd1 Qb3 53.
Rf1 Qb2 54. h5 Kg8 55. Rc1 f6 56. Rc8+ Kf7 57. Qe3 Qb1+ 58. Rc1 Qb8 59. Qd2 g5
60. Qa2+ Ke7 61. Rb1 Qc8 62. Qa3+ Ke8 63. Kh1 Nf7 64. Qxf3 Qc6 65. Ra1 Nd6 66.
Qxf6 Qxe4+ 67. Kh2 Nf7 68. Ra3 Qf4+ 69. Qxf4 gxf4 70. Rf3 1-0

[Event "4MCR_3DW_1L_2S"]
[Site "CR"]
[Date "2011.??.??"]
[Round "?"]
[White "Mudra, Oldrich"]
[Black "Alexa, Jaroslav"]
[Result "1/2-1/2"]
[WhiteElo "2154"]
[BlackElo "2327"]
[Annotator "076"]
[PlyCount "90"]
[EventDate "2011.??.??"]
[EventType "corr"]

1. d4 d5 2. Nf3 c6 3. c4 Nf6 4. Nc3 dxc4 5. a4 Bf5 6. e3 e6 7. Bxc4 Bb4 8. O-O
Nbd7 9. Qe2 O-O 10. e4 Bg6 11. Bd3 Bh5 12. e5 Nd5 13. Nxd5 cxd5 14. Qe3 Re8 15.
Bd2 Qa5 16. Qe1 Bxd2 17. Nxd2 Qb4 18. Bb5 Red8 19. Qe3 Rac8 20. Nb3 Bg6 21.
Rfc1 Bc2 22. Ra3 h6 23. Bf1 Bf5 24. h3 a6 25. a5 Kf8 26. Rc3 Rxc3 27. Qxc3 Qxc3
28. bxc3 Rc8 29. Nd2 Rc7 30. g4 Bh7 31. f4 Ke7 32. h4 f6 33. h5 fxe5 34. fxe5
Nb8 35. Kf2 Nc6 36. Ke3 Bc2 37. Be2 Ke8 38. Nf3 Be4 39. Ng1 Kd7 40. Kf2 Nd8 41.
Nh3 Ke7 42. Ke3 Nc6 43. Nf4 Bh7 44. Bd3 Bxd3 45. Nxd3 Rc8 1/2-1/2

[Event "4MCR_3DW_1L_2S"]
[Site "CR"]
[Date "2011.??.??"]
[Round "?"]
[White "Mudra, Oldrich"]
[Black "Kyhos, Alois"]
[Result "0-1"]
[WhiteElo "2154"]
[BlackElo "2315"]
[Annotator "077"]
[PlyCount "122"]
[EventDate "2011.??.??"]
[EventType "corr"]

1. Nf3 Nf6 2. g3 b6 3. c4 e6 4. d4 Bb7 5. Bg2 Be7 6. O-O O-O 7. Nc3 Ne4 8. Nxe4
Bxe4 9. e3 d5 10. b3 dxc4 11. bxc4 c5 12. Ne5 Bxg2 13. Kxg2 Bf6 14. f4 Qc7 15.
Qe2 cxd4 16. exd4 Bxe5 17. dxe5 Rc8 18. Rd1 Nc6 19. Be3 Qb7 20. Kg1 h6 21. Rd2
Rc7 22. Rad1 Rac8 23. Bf2 Ne7 24. Rd8+ Kh7 25. Qd3+ g6 26. Rxc8 Qxc8 27. Rc1
Kg7 28. Qb3 h5 29. a4 Rd7 30. c5 bxc5 31. Bxc5 Nf5 32. Qc2 Qd8 33. Rf1 Rd2 34.
Qe4 a5 35. Bf2 Qd7 36. Qc4 Qb7 37. Qc3 Nd4 38. Qxd4 Rxd4 39. Bxd4 Qb4 40. Be3
Qxa4 41. Bc5 Qb3 42. Bd6 h4 43. Kg2 a4 44. gxh4 a3 45. Bxa3 Qxa3 46. Rf3 Qa2+
47. Kg3 Qe2 48. Rf2 Qd1 49. h3 Kh6 50. Kg2 Qc1 51. Rf1 Qc6+ 52. Rf3 Kh5 53. Kg3
Qxf3+ 54. Kxf3 Kxh4 55. Kg2 g5 56. fxg5 Kxg5 57. Kg3 Kf5 58. Kh4 Kxe5 59. Kg5
f5 60. h4 Kd6 61. h5 Ke7 0-1

[Event "4MCR_3DW_1L_2S"]
[Site "CR"]
[Date "2011.??.??"]
[Round "?"]
[White "Bares, Jiri"]
[Black "Alexa, Jaroslav"]
[Result "1/2-1/2"]
[WhiteElo "2219"]
[BlackElo "2327"]
[Annotator "078"]
[PlyCount "75"]
[EventDate "2011.??.??"]
[EventType "corr"]

1. d4 Nf6 2. c4 e6 3. Nf3 b6 4. g3 Ba6 5. b3 Bb4+ 6. Bd2 Be7 7. Bg2 c6 8. Bc3
d5 9. Ne5 Nfd7 10. Nxd7 Nxd7 11. Nd2 O-O 12. O-O f5 13. a4 Nf6 14. a5 Qc7 15.
Qc2 b5 16. c5 b4 17. Bxb4 Bxe2 18. Rfe1 Rab8 19. Bc3 Ba6 20. f3 f4 21. Bf1 Bxf1
22. Nxf1 fxg3 23. hxg3 Nh5 24. Re5 g6 25. Kg2 Bd8 26. Rxe6 Rxf3 27. Rxg6+ hxg6
28. Kxf3 Qf7+ 29. Kg2 Bc7 30. Be1 Kg7 31. b4 Qe6 32. Qd3 Re8 33. Qf3 Nf6 34.
Nh2 Rf8 35. Qd3 Rh8 36. Kg1 a6 37. Qf3 Re8 38. Kg2 1/2-1/2

[Event "4MCR_3DW_1L_2S"]
[Site "CR"]
[Date "2011.??.??"]
[Round "?"]
[White "Bares, Jiri"]
[Black "Portych, Vaclav"]
[Result "1-0"]
[WhiteElo "2219"]
[BlackElo "2178"]
[Annotator "079"]
[PlyCount "97"]
[EventDate "2011.??.??"]
[EventType "corr"]

1. d4 Nf6 2. c4 e6 3. Nf3 b6 4. g3 Bb7 5. Bg2 Be7 6. O-O O-O 7. Nc3 Ne4 8. Qc2
Nxc3 9. Qxc3 c5 10. Bf4 Nc6 11. d5 exd5 12. cxd5 Na5 13. e4 d6 14. Rfe1 g5 15.
Bd2 Bf6 16. Qc1 g4 17. e5 Bg7 18. e6 fxe6 19. Ng5 Qf6 20. Nxe6 Qxb2 21. Nxg7
Qxc1 22. Raxc1 Kxg7 23. Re6 Rae8 24. Bh6+ Kg8 25. Bxf8 Rxe6 26. dxe6 Kxf8 27.
Bxb7 Nxb7 28. Rc4 Nd8 29. Rf4+ Ke7 30. Rxg4 Nxe6 31. Ra4 a5 32. Rh4 Nf8 33. a4
d5 34. f4 c4 35. Kf2 Kd6 36. Rh6+ Kc5 37. f5 d4 38. f6 c3 39. Ke2 Kb4 40. f7 b5
41. Rd6 Kxa4 42. Rxd4+ Kb3 43. Rd8 Ng6 44. h4 h5 45. Rg8 c2 46. Kd2 Kb2 47. Rc8
a4 48. Rxc2+ Kb1 49. Rc6 1-0

[Event "4MCR_3DW_1L_2S"]
[Site "CR"]
[Date "2011.??.??"]
[Round "?"]
[White "Paulik, Vaclav"]
[Black "Mudra, Oldrich"]
[Result "1-0"]
[WhiteElo "2281"]
[BlackElo "2154"]
[Annotator "080"]
[PlyCount "137"]
[EventDate "2011.??.??"]
[EventType "corr"]

1. e4 e5 2. Nf3 Nc6 3. Bb5 a6 4. Ba4 Nf6 5. d4 exd4 6. O-O Be7 7. Re1 O-O 8. e5
Ne8 9. Bf4 d5 10. Bxc6 bxc6 11. Nxd4 Bd7 12. Nb3 g6 13. c4 dxc4 14. Na5 Rb8 15.
Nxc4 Be6 16. Qxd8 Bxd8 17. Nbd2 Ng7 18. b3 Be7 19. Rac1 g5 20. Be3 Nf5 21. Ne4
Nxe3 22. Rxe3 Rb5 23. Nxg5 Bxg5 24. Rg3 h6 25. h4 Kh7 26. hxg5 Rg8 27. Re3 Rxg5
28. f3 Rc5 29. Kf2 h5 30. g3 Rg8 31. Rec3 Rd8 32. f4 Kg7 33. Ne3 Rxc3 34. Rxc3
Rd2+ 35. Kf3 Kf8 36. a3 Bd7 37. Ke4 Rh2 38. f5 Ke8 39. Rc2 Rh3 40. Kf4 h4 41.
g4 Rh1 42. Rd2 Bc8 43. Nc4 Rf1+ 44. Kg5 h3 45. e6 fxe6 46. f6 e5 47. Re2 e4 48.
Rxe4+ Kd8 49. Re2 Bxg4 50. Kxg4 Rxf6 51. Rh2 Rg6+ 52. Kxh3 Rg5 53. Rg2 Rb5 54.
Rg3 Kc8 55. Kg4 Kb7 56. Kf4 Rh5 57. Rg6 Rb5 58. Rg5 Ka7 59. Rxb5 axb5 60. Ne5
Kb7 61. Ke4 c5 62. Kd5 c4 63. bxc4 bxc4 64. Nxc4 Kc8 65. Kc6 Kb8 66. a4 Kc8 67.
Ne3 Kb8 68. Nd5 Kc8 69. a5 1-0

[Event "4MCR_3DW_1L_2S"]
[Site "CR"]
[Date "2011.??.??"]
[Round "?"]
[White "Mudra, Oldrich"]
[Black "Mezera, Lukas"]
[Result "1/2-1/2"]
[WhiteElo "2154"]
[BlackElo "2319"]
[Annotator "081"]
[PlyCount "107"]
[EventDate "2011.??.??"]
[EventType "corr"]

1. Nf3 Nf6 2. g3 g6 3. Bg2 Bg7 4. O-O O-O 5. c4 d6 6. d4 Nbd7 7. Nc3 e5 8. e4
c6 9. h3 Qb6 10. c5 dxc5 11. dxe5 Ne8 12. Qc2 Qc7 13. Be3 b6 14. e6 fxe6 15.
Rad1 Nd6 16. Ng5 Ne5 17. f4 Nec4 18. Bc1 e5 19. b3 Na5 20. b4 Nac4 21. bxc5 Nb7
22. Na4 Nba5 23. Nb2 b5 24. Nd3 Qe7 25. Kh2 exf4 26. gxf4 Bf6 27. Qe2 Bxg5 28.
fxg5 Be6 29. Rxf8+ Rxf8 30. Rf1 Nb7 31. Rxf8+ Qxf8 32. Qf3 Qxf3 33. Bxf3 a5 34.
Kg3 b4 35. Bd1 Na3 36. Ba4 Nb5 37. Bxb5 cxb5 38. c6 Nd6 39. Nc5 Kf7 40. Kf4
Bxa2 41. Nb7 Ke7 42. Bb2 Ne8 43. Bd4 b3 44. Nxa5 Kd6 45. Be5+ Kc5 46. c7 Nxc7
47. Nxb3+ Bxb3 48. Bxc7 b4 49. Ke3 Be6 50. h4 Kc4 51. Be5 Kb3 52. Kd2 Ka2 53.
Kc2 b3+ 54. Kc1 1/2-1/2

[Event "4MCR_3DW_1L_2S"]
[Site "CR"]
[Date "2011.??.??"]
[Round "?"]
[White "Svoboda, Frantisek"]
[Black "Mudra, Oldrich"]
[Result "1-0"]
[WhiteElo "2416"]
[BlackElo "2154"]
[Annotator "082"]
[PlyCount "109"]
[EventDate "2011.??.??"]
[EventType "corr"]

1. c4 Nf6 2. Nc3 e6 3. e4 d5 4. e5 d4 5. exf6 dxc3 6. bxc3 Qxf6 7. d4 b6 8. Nf3
Bb7 9. Bd3 h6 10. O-O Bxf3 11. Qxf3 Qxf3 12. gxf3 Nd7 13. a4 a5 14. Re1 Bd6 15.
f4 g6 16. Be4 O-O-O 17. Rb1 c5 18. Be3 Kc7 19. h4 Be7 20. Kg2 cxd4 21. cxd4 Bb4
22. Rec1 Nf6 23. Bf3 Rhg8 24. Kh3 Rc8 25. d5 Nd7 26. Rd1 Rce8 27. Rxb4 axb4 28.
d6+ Kc8 29. a5 bxa5 30. Ra1 g5 31. Rxa5 g4+ 32. Bxg4 Rxg4 33. Kxg4 Rg8+ 34. Kf3
Kb7 35. Ra7+ Kc6 36. c5 Rc8 37. Ke2 b3 38. Kd1 e5 39. f5 e4 40. Rc7+ Rxc7 41.
dxc7 Kxc7 42. Bxh6 Nxc5 43. h5 e3 44. fxe3 Ne4 45. Bf4+ Kd7 46. h6 Nf6 47. e4
Nh7 48. e5 Ke7 49. Bg3 Kf8 50. Bh4 Ke8 51. e6 b2 52. Kc2 b1=Q+ 53. Kxb1 Nf8 54.
Kc2 Nh7 55. Kd3 1-0

[Event "4MCR_3DW_1L_2S"]
[Site "CR"]
[Date "2011.??.??"]
[Round "?"]
[White "Svoboda, Frantisek"]
[Black "Kyhos, Alois"]
[Result "1/2-1/2"]
[WhiteElo "2416"]
[BlackElo "2315"]
[Annotator "083"]
[PlyCount "134"]
[EventDate "2011.??.??"]
[EventType "corr"]

1. c4 e5 2. Nc3 Nf6 3. Nf3 Nc6 4. g3 Bb4 5. Nd5 e4 6. Nh4 O-O 7. Bg2 Re8 8. O-O
Bc5 9. d3 exd3 10. Qxd3 Ne5 11. Qc2 c6 12. Be3 cxd5 13. Bxc5 d6 14. Bd4 dxc4
15. Rfd1 d5 16. Nf3 Nxf3+ 17. Bxf3 Be6 18. a4 b6 19. e3 Ng4 20. Bc3 Rc8 21. Rd2
h6 22. Qd1 Nf6 23. e4 d4 24. Rxd4 Qe7 25. Bg2 Red8 26. f4 Rxd4 27. Qxd4 Rd8 28.
Qe5 Qb7 29. f5 Bc8 30. Re1 a6 31. Qf4 Qe7 32. Qh4 Rd3 33. e5 Qc5+ 34. Kh1 Nd5
35. e6 fxe6 36. fxe6 Bxe6 37. Rxe6 Nxc3 38. Re8+ Kf7 39. Re1 Nd5 40. Qh5+ g6
41. Rf1+ Nf6 42. Qh4 g5 43. Qxh6 Qe5 44. Qh7+ Kf8 45. Qg6 Rd6 46. g4 Ke7 47. h4
gxh4 48. g5 Ne8 49. Qf7+ Kd8 50. Qb7 Qe6 51. g6 Qxg6 52. Re1 Re6 53. Rd1+ Rd6
54. Qxb6+ Ke7 55. Qb7+ Kd8 56. Re1 Re6 57. Qb8+ Ke7 58. Qa7+ Kd8 59. Qd4+ Ke7
60. Rf1 Qg3 61. Qc5+ Rd6 62. Qxc4 Nf6 63. Qb4 Ke8 64. a5 Re6 65. Qf4 Ke7 66.
Qc4 Nd7 67. b3 Rd6 1/2-1/2

[Event "4MCR_3DW_1L_2S"]
[Site "CR"]
[Date "2011.??.??"]
[Round "?"]
[White "Cernovsky, Karel"]
[Black "Bares, Jiri"]
[Result "1-0"]
[WhiteElo "2253"]
[BlackElo "2219"]
[Annotator "084 - PCL"]
[PlyCount "107"]
[EventDate "2011.??.??"]
[EventType "corr"]

1. e4 c5 2. Nf3 d6 3. d4 cxd4 4. Nxd4 Nf6 5. Nc3 a6 6. Be3 e5 7. Nb3 Be6 8. f3
Be7 9. Qd2 O-O 10. O-O-O Nbd7 11. g4 b5 12. g5 b4 13. Ne2 Ne8 14. f4 a5 15. f5
a4 16. Nbd4 exd4 17. Nxd4 b3 18. Kb1 bxc2+ 19. Nxc2 Nc7 20. fxe6 Nxe6 21. h4
Ne5 22. Nd4 Qd7 23. Bh3 Nc4 24. Qe2 Nxe3 25. Qxe3 Qa7 26. Bxe6 fxe6 27. Qc3
Rac8 28. Qh3 e5 29. Nf5 Qb7 30. Qd3 Rc5 31. Rhf1 Rb8 32. Rd2 Bf8 33. Ne3 g6 34.
Nd5 Kh8 35. Qh3 Qb5 36. Rfd1 Rbc8 37. h5 Qc6 38. Qh1 gxh5 39. a3 h4 40. Rh2 Rb5
41. Rf2 Rxd5 42. exd5 Qc4 43. Rh2 Be7 44. Rg1 Qd3+ 45. Ka1 Rg8 46. Rxh4 Rxg5
47. Rc1 Rg8 48. Rxa4 Qe3 49. Rb4 Bf8 50. a4 Qa7 51. Qh5 Qe3 52. Rh1 h6 53. Rg4
Rxg4 54. Qxg4 1-0

[Event "4MCR_3DW_1L_2S"]
[Site "CR"]
[Date "2011.??.??"]
[Round "?"]
[White "Mudra, Oldrich"]
[Black "Bares, Jiri"]
[Result "0-1"]
[WhiteElo "2154"]
[BlackElo "2219"]
[Annotator "085"]
[PlyCount "140"]
[EventDate "2011.??.??"]
[EventType "corr"]

1. Nf3 Nf6 2. g3 d5 3. d4 Bf5 4. Bg2 e6 5. O-O Be7 6. c4 O-O 7. cxd5 exd5 8.
Qb3 Qc8 9. Bf4 c6 10. Rc1 Nbd7 11. Nc3 h6 12. a4 a5 13. Nb5 Ne8 14. Nc3 Nef6
15. Ne5 g5 16. Bd2 Qb8 17. Nxd7 Bxd7 18. Qc2 Re8 19. Re1 Kg7 20. e4 dxe4 21.
Nxe4 Bf5 22. Bc3 Nd5 23. Qb3 Qc7 24. Nc5 Nxc3 25. Qxc3 Bf6 26. Rxe8 Rxe8 27.
Nb3 Qb6 28. Bf1 Bg4 29. Nxa5 Bxd4 30. Qd2 c5 31. Nc4 Qf6 32. Ne3 Bf3 33. Rc1
Bc6 34. b3 Qe6 35. Bd3 Bxe3 36. fxe3 Qxb3 37. Rxc5 Qxa4 38. Bf1 Kg8 39. Qd4 Qb3
40. Rc3 Qb2 41. Rd3 Qxd4 42. exd4 Re1 43. Rb3 Rd1 44. Rb4 Rd2 45. Bh3 h5 46.
Bc8 Rg2+ 47. Kf1 Rxh2 48. Bxb7 Bxb7 49. Rxb7 Rd2 50. Rd7 Kg7 51. Rd6 f6 52. Rd8
Kg6 53. Rd5 Kf7 54. Rd7+ Ke6 55. Rh7 Rxd4 56. Rxh5 Kf5 57. Rh6 Kg4 58. Rxf6
Kxg3 59. Re6 g4 60. Rg6 Rd1+ 61. Ke2 Rg1 62. Rg8 Kh2 63. Ke3 g3 64. Rh8+ Kg2
65. Rg8 Ra1 66. Ke2 Ra3 67. Rg6 Kg1 68. Rg8 g2 69. Rh8 Ra5 70. Rd8 Rh5 0-1

[Event "4MCR_3DW_1L_2S"]
[Site "CR"]
[Date "2011.??.??"]
[Round "?"]
[White "Mezera, Lukas"]
[Black "Mudra, Oldrich"]
[Result "1/2-1/2"]
[WhiteElo "2319"]
[BlackElo "2154"]
[Annotator "086"]
[PlyCount "153"]
[EventDate "2011.??.??"]
[EventType "corr"]

1. e4 e5 2. Nf3 Nc6 3. Bb5 a6 4. Ba4 Nf6 5. O-O Be7 6. Re1 b5 7. Bb3 O-O 8. c3
d6 9. h3 Na5 10. Bc2 c5 11. d4 Qc7 12. Nbd2 cxd4 13. cxd4 Nc6 14. a3 Bd7 15. d5
Na5 16. Nf1 Nh5 17. Bd3 Bf6 18. Nxe5 Bxe5 19. Qxh5 Nb3 20. Rb1 Nxc1 21. Rexc1
Qb6 22. Qg5 h6 23. Qd2 Bf6 24. Rc2 Rac8 25. Rbc1 Bg5 26. Ne3 Rxc2 27. Rxc2 Qd4
28. Rc7 Rd8 29. Kh2 h5 30. g3 h4 31. g4 Qb6 32. Rc1 Qd4 33. Kg2 g6 34. Qe2 Rc8
35. Rxc8+ Bxc8 36. Nd1 Bd7 37. Qc2 Qe5 38. b4 Qa1 39. Be2 Qd4 40. Bf3 Bd8 41.
Qb2 Qd3 42. e5 Qc4 43. Ne3 Qf4 44. e6 fxe6 45. dxe6 Bxe6 46. Qc2 Kg7 47. Qc6
Qe5 48. Qxa6 Bg5 49. Qb7+ Kh6 50. Nd5 Bxd5 51. Qxd5 Qxd5 52. Bxd5 Bf6 53. Bc6
Bb2 54. a4 bxa4 55. Bxa4 Kg5 56. Kf3 d5 57. Ke3 Bc1+ 58. Kd4 Kf4 59. g5 Bd2 60.
b5 Be1 61. Kxd5 Bxf2 62. Bd1 Kxg5 63. Kc6 Kf4 64. b6 Bxb6 65. Kxb6 g5 66. Bg4
Ke4 67. Kc6 Ke5 68. Kd7 Kf6 69. Ke8 Ke5 70. Kf7 Kd4 71. Kg6 Kd5 72. Kxg5 Kd6
73. Kxh4 Ke7 74. Kg5 Kf8 75. Kg6 Kg8 76. h4 Kh8 77. h5 1/2-1/2

[Event "4MCR_3DW_1L_2S"]
[Site "CR"]
[Date "2011.??.??"]
[Round "?"]
[White "Mudra, Oldrich"]
[Black "Svoboda, Frantisek"]
[Result "0-1"]
[WhiteElo "2154"]
[BlackElo "2416"]
[Annotator "087"]
[PlyCount "126"]
[EventDate "2011.??.??"]
[EventType "corr"]

1. d4 e6 2. c4 Nf6 3. Nf3 b6 4. g3 Ba6 5. b3 Bb4+ 6. Bd2 Be7 7. Bg2 c6 8. Bc3
d5 9. Ne5 Nfd7 10. Nxd7 Nxd7 11. Nd2 O-O 12. O-O Rb8 13. Qc2 b5 14. Rfb1 Qc7
15. Bb2 bxc4 16. bxc4 dxc4 17. Nxc4 Rb4 18. Ne5 Nxe5 19. dxe5 Rfb8 20. Bc3
Rxb1+ 21. Rxb1 Rxb1+ 22. Qxb1 c5 23. e3 Qd7 24. Be4 g6 25. Bg2 Bd3 26. Qd1 c4
27. a4 Qc8 28. h3 Kg7 29. a5 Qb8 30. a6 Bb4 31. Bd4 Qb5 32. Qa1 Ba5 33. Kh2 h5
34. g4 hxg4 35. hxg4 Qb4 36. Bxa7 c3 37. Bd4 Bxa6 38. Be4 Bb5 39. Qd1 Ba4 40.
Bc2 Bxc2 41. Qxc2 Qb7 42. Kg3 Qh1 43. g5 Qg1+ 44. Kf3 Qe1 45. e4 Qf1 46. Ba7
Qh3+ 47. Ke2 Qg4+ 48. Kd3 Qxg5 49. Be3 Qd8+ 50. Bd4 Bb6 51. Qxc3 Kh6 52. Ke3
Qxd4+ 53. Qxd4 Bxd4+ 54. Kxd4 Kg5 55. Ke3 Kg4 56. f3+ Kg3 57. Ke2 Kf4 58. Kf2
Kxe5 59. Ke3 g5 60. Ke2 Kf4 61. Kf2 f5 62. exf5 exf5 63. Ke2 Kg3 0-1

[Event "4MCR_3DW_1L_2S"]
[Site "CR"]
[Date "2011.??.??"]
[Round "?"]
[White "Svoboda, Frantisek"]
[Black "Portych, Vaclav"]
[Result "1-0"]
[WhiteElo "2416"]
[BlackElo "2178"]
[Annotator "088"]
[PlyCount "147"]
[EventDate "2011.??.??"]
[EventType "corr"]

1. c4 e5 2. Nc3 Nc6 3. Nf3 Nf6 4. g3 Bc5 5. Bg2 O-O 6. O-O d6 7. d3 h6 8. a3 a5
9. e3 Bb6 10. b3 Bf5 11. Bb2 Re8 12. Rc1 Qd7 13. Re1 Rac8 14. Nd5 Nxd5 15. cxd5
Ne7 16. e4 Bg4 17. d4 Nxd5 18. dxe5 Ne7 19. exd6 Qxd6 20. Qxd6 cxd6 21. Nd2 Be6
22. Nc4 Bxc4 23. bxc4 Nc6 24. Bf1 Ne5 25. Kg2 Rc6 26. f4 Ng4 27. Be2 Nf2 28. e5
Bc5 29. Rf1 dxe5 30. Rxf2 exf4 31. Bf3 Bxf2 32. Kxf2 fxg3+ 33. hxg3 Rb6 34. Rc2
Rc8 35. c5 Rb5 36. Bd4 Rd8 37. Be2 Rb3 38. Bb2 Rd5 39. Bc4 Rf5+ 40. Kg2 Re3 41.
Bc1 Re1 42. Bf4 g5 43. Bd6 g4 44. Rd2 Ra1 45. Rb2 Kg7 46. Bd3 Rh5 47. Bb1 Kf6
48. Rxb7 Rxa3 49. c6 Rc3 50. c7 Ke6 51. Rb3 Rc4 52. Bf4 Rhc5 53. Rb6+ Ke7 54.
Bd6+ Kd7 55. Bxc5 Rxc5 56. Rxh6 Rxc7 57. Bf5+ Ke7 58. Ra6 Rc4 59. Rxa5 Kf6 60.
Kf2 Rb4 61. Ke3 Kg7 62. Bc2 Kf6 63. Bd3 Kg7 64. Rg5+ Kf6 65. Rb5 Ra4 66. Bc2
Ra7 67. Kf4 Kg7 68. Kxg4 Rc7 69. Bb3 Ra7 70. Kg5 Ra6 71. g4 Rg6+ 72. Kf4 Rd6
73. Rb7 Rf6+ 74. Ke5 1-0

[Event "4MCR_3DW_1L_2S"]
[Site "CR"]
[Date "2011.??.??"]
[Round "?"]
[White "Svoboda, Frantisek"]
[Black "Bares, Jiri"]
[Result "1/2-1/2"]
[WhiteElo "2416"]
[BlackElo "2219"]
[Annotator "089"]
[PlyCount "119"]
[EventDate "2011.??.??"]
[EventType "corr"]

1. c4 Nf6 2. Nc3 e6 3. e4 d5 4. e5 d4 5. exf6 dxc3 6. bxc3 Qxf6 7. d4 c5 8. Nf3
cxd4 9. Bg5 Qf5 10. cxd4 h6 11. Bd2 b6 12. Be2 Bd6 13. Nh4 Qe4 14. Be3 Qb7 15.
O-O Qc7 16. Bf3 Nc6 17. c5 bxc5 18. d5 Ne5 19. dxe6 Nxf3+ 20. Qxf3 Rb8 21.
exf7+ Qxf7 22. Qe4+ Qe6 23. Qg6+ Qxg6 24. Nxg6 Rg8 25. Rfd1 Rb6 26. Rac1 Kf7
27. Bxc5 Bxh2+ 28. Kxh2 Rxg6 29. Bxa7 Ra6 30. Rc7+ Kg6 31. Rd3 Rxa2 32. Rg3+
Kf5 33. Bd4 Ke4 34. Bb6 Ra6 35. Rg6 Re8 36. f3+ Kf5 37. Rcxg7 Re6 38. g4+ Ke5
39. Bc7+ Kd5 40. Rxe6 Bxe6 41. Kg3 Ra7 42. Re7 Rb7 43. f4 Rb1 44. f5 Bc8 45.
Re2 Rg1+ 46. Kh4 Rf1 47. Bg3 Rf3 48. Bb8 Kd4 49. Re5 Ba6 50. Ra5 Be2 51. f6 Ke3
52. Re5+ Kd2 53. Re6 Bd3 54. Be5 Bg6 55. Re7 Ke2 56. Bd4+ Kd3 57. Rg7 Be4 58.
Rd7 Bg6 59. Ba1+ Kc4 60. Bb2 1/2-1/2

[Event "4MCR_3DW_1L_2S"]
[Site "CR"]
[Date "2011.??.??"]
[Round "?"]
[White "Kyhos, Alois"]
[Black "Alexa, Jaroslav"]
[Result "1-0"]
[WhiteElo "2315"]
[BlackElo "2327"]
[Annotator "090"]
[PlyCount "161"]
[EventDate "2011.??.??"]
[EventType "corr"]

1. d4 Nf6 2. c4 e6 3. Nf3 b6 4. g3 Ba6 5. Qa4 Bb7 6. Bg2 c5 7. dxc5 bxc5 8. O-O
Be7 9. Nc3 O-O 10. Rd1 Qb6 11. Bf4 Rd8 12. Rd2 d6 13. Rad1 a6 14. Ng5 Bxg2 15.
Kxg2 Qb7+ 16. f3 Nc6 17. Nge4 Nd4 18. Nxf6+ Bxf6 19. Ne4 e5 20. Be3 Rab8 21. b3
Be7 22. Nc3 Nc6 23. Nd5 Bf8 24. Bf2 f5 25. Rb2 Ne7 26. Nc3 Nc6 27. Be1 Re8 28.
Nd5 e4 29. h3 exf3+ 30. exf3 Kf7 31. Bc3 g6 32. Rbd2 Bg7 33. Bxg7 Kxg7 34. Qa3
Re5 35. Rf2 Rbe8 36. Qb2 Kf7 37. h4 Qc8 38. Qd2 h5 39. Qf4 Kg7 40. Qg5 Qd8 41.
b4 Qxg5 42. hxg5 cxb4 43. Nf4 Rd8 44. Rfd2 Ne7 45. c5 d5 46. Nd3 Re6 47. Nxb4
Rc8 48. Rc1 Kf7 49. Nxd5 Re5 50. Nxe7 Kxe7 51. Rb2 Rexc5 52. Rxc5 Rxc5 53. Rb6
Rc2+ 54. Kg1 Kf7 55. Rxa6 Kg7 56. Ra7+ Kg8 57. a4 Rc1+ 58. Kf2 Rc2+ 59. Ke3
Rc3+ 60. Ke2 Rc2+ 61. Kd3 Rg2 62. a5 f4 63. gxf4 h4 64. Ra6 Kg7 65. Rc6 h3 66.
Rc1 Ra2 67. Rh1 h2 68. a6 Kf7 69. a7 Kg7 70. Ke3 Rxa7 71. Rxh2 Ra3+ 72. Kf2 Ra5
73. Kg3 Rc5 74. Re2 Kf7 75. Re5 Rc4 76. f5 gxf5 77. f4 Kg6 78. Re6+ Kh7 79. Rf6
Rc5 80. Kh4 Rb5 81. Kh5 1-0

[Event "4MCR_3DW_1L_3S"]
[Site "CR"]
[Date "2011.??.??"]
[Round "?"]
[White "Pecka, Josef"]
[Black "Glaser, Karel"]
[Result "1-0"]
[WhiteElo "2352"]
[BlackElo "2222"]
[Annotator "001"]
[PlyCount "41"]
[EventDate "2011.??.??"]
[EventType "corr"]

1. e4 e5 2. f4 exf4 3. Bc4 Nc6 4. d4 Nf6 5. Nc3 Bb4 6. Nge2 d6 7. Bxf4 Bg4 8.
O-O Nxd4 9. Bg5 Bc5 10. Bxf6 gxf6 11. Kh1 c6 12. b4 Bb6 13. a4 a5 14. Qd2 Nxe2
15. Nxe2 Qe7 16. b5 O-O 17. Ng3 Kh8 18. bxc6 bxc6 19. Rab1 Rab8 20. h3 Be6 21.
Nh5 1-0

[Event "4MCR_3DW_1L_3S"]
[Site "CR"]
[Date "2011.??.??"]
[Round "?"]
[White "Schwarz, Jan"]
[Black "Glaser, Karel"]
[Result "1/2-1/2"]
[WhiteElo "2291"]
[BlackElo "2222"]
[Annotator "002"]
[PlyCount "53"]
[EventDate "2011.??.??"]
[EventType "corr"]

1. d4 Nf6 2. c4 e6 3. Nf3 d5 4. Nc3 c6 5. Bg5 h6 6. Bh4 dxc4 7. e4 g5 8. Bg3 b5
9. Be2 Bb4 10. Qc2 Nbd7 11. h4 g4 12. Ne5 Nxe5 13. Bxe5 Rg8 14. Rd1 a6 15. Bf4
Bf8 16. e5 Nh5 17. Be3 Bb7 18. Ne4 Qc7 19. O-O c5 20. Nxc5 Bxc5 21. dxc5 Qxe5
22. Bxc4 g3 23. Qd2 Nf6 24. Bb3 Qe4 25. f4 Ng4 26. Qd7+ Kf8 27. Qd6+ 1/2-1/2

[Event "4MCR_3DW_1L_3S"]
[Site "CR"]
[Date "2011.??.??"]
[Round "?"]
[White "Glaser, Karel"]
[Black "Schwarz, Jan"]
[Result "1/2-1/2"]
[WhiteElo "2222"]
[BlackElo "2291"]
[Annotator "003"]
[PlyCount "61"]
[EventDate "2011.??.??"]
[EventType "corr"]

1. e4 e5 2. Nf3 Nc6 3. Bb5 a6 4. Ba4 Nf6 5. O-O Be7 6. Re1 b5 7. Bb3 O-O 8. a4
b4 9. d3 d6 10. h3 Be6 11. Bxe6 fxe6 12. Be3 d5 13. Nbd2 d4 14. Bg5 Nd7 15.
Bxe7 Qxe7 16. Rf1 Rf6 17. Rc1 Raf8 18. Qe2 Nc5 19. Nb3 Rxf3 20. Nxc5 R3f6 21.
Nb3 Rb8 22. Qd2 Qf7 23. f3 Qe7 24. f4 exf4 25. Rxf4 Rxf4 26. Qxf4 Rf8 27. Qg3
Qd6 28. Qg5 Ne5 29. Rf1 Rc8 30. Nd2 h6 31. Qf4 1/2-1/2

[Event "4MCR_3DW_1L_3S"]
[Site "CR"]
[Date "2011.??.??"]
[Round "?"]
[White "Schwarz, Jan"]
[Black "Sykora, Josef"]
[Result "1/2-1/2"]
[WhiteElo "2291"]
[BlackElo "2299"]
[Annotator "004"]
[PlyCount "61"]
[EventDate "2011.??.??"]
[EventType "corr"]

1. e4 e5 2. Nf3 Nc6 3. Bb5 Nf6 4. O-O Nxe4 5. d4 Nd6 6. Bxc6 dxc6 7. dxe5 Nf5
8. Qxd8+ Kxd8 9. Nc3 Ke8 10. h3 Be6 11. Rd1 Bb4 12. Ne2 Bd5 13. Nfd4 Nxd4 14.
Nxd4 Rd8 15. Be3 a6 16. Rac1 Be4 17. f3 Bg6 18. Kf2 Be7 19. c4 h5 20. g3 c5 21.
Ne2 Bf5 22. Nf4 b6 23. Nd5 Rd7 24. h4 Kd8 25. b3 Re8 26. Nf4 g6 27. Nd5 Kc8 28.
Bh6 Bd8 29. Bg7 a5 30. Ra1 c6 31. Ne3 1/2-1/2

[Event "4MCR_3DW_1L_3S"]
[Site "CR"]
[Date "2011.??.??"]
[Round "?"]
[White "Schwarz, Jan"]
[Black "Dojcinovic, Miroslav"]
[Result "1-0"]
[WhiteElo "2291"]
[BlackElo "1792"]
[Annotator "005"]
[PlyCount "87"]
[EventDate "2011.??.??"]
[EventType "corr"]

1. e4 e5 2. Nf3 Nc6 3. Bb5 a6 4. Ba4 d6 5. c3 g6 6. d4 Bd7 7. O-O Bg7 8. Re1
Nge7 9. d5 Na5 10. Bxd7+ Qxd7 11. b3 O-O 12. c4 b5 13. Bd2 Nb7 14. Nc3 f5 15.
cxb5 fxe4 16. Ng5 axb5 17. b4 c5 18. dxc6 Qxc6 19. Ne6 Rfe8 20. Nxe4 d5 21.
Nxg7 Kxg7 22. Rc1 Qb6 23. Nc3 d4 24. Rxe5 dxc3 25. Bxc3 Kf8 26. Qf3+ Nf5 27. g4
Nbd6 28. gxf5 Nxf5 29. Bb2 Qa7 30. Rc6 Rxe5 31. Rf6+ Ke7 32. Bxe5 Qxa2 33. Qb7+
Ke8 34. Qxb5+ Ke7 35. Qb7+ Ke8 36. Qc6+ Ke7 37. Bd4 Qb1+ 38. Kg2 Nh4+ 39. Kh3
Ra3+ 40. Kxh4 g5+ 41. Kxg5 Qg1+ 42. Kf5 Qb1+ 43. Ke5 Qe1+ 44. Kd5 1-0

[Event "4MCR_3DW_1L_3S"]
[Site "CR"]
[Date "2011.??.??"]
[Round "?"]
[White "Sykora, Josef"]
[Black "Schwarz, Jan"]
[Result "1/2-1/2"]
[WhiteElo "2299"]
[BlackElo "2291"]
[Annotator "006"]
[PlyCount "53"]
[EventDate "2011.??.??"]
[EventType "corr"]

1. c4 e5 2. g3 Nf6 3. Bg2 d5 4. cxd5 Nxd5 5. Nf3 Nc6 6. O-O Be7 7. d4 e4 8. Ne5
f5 9. Nxc6 bxc6 10. Nc3 O-O 11. Qa4 Nb6 12. Qb3+ Kh8 13. Rd1 Ba6 14. Qc2 Bd6
15. a3 Qe7 16. Rb1 Qf7 17. e3 Qh5 18. Bf1 Bxf1 19. Rxf1 g5 20. Re1 Qh3 21. Qe2
Rf6 22. Qf1 Qh5 23. Qe2 Qf7 24. b4 Rh6 25. Rf1 g4 26. Kg2 a5 27. b5 1/2-1/2